00822nam a2200193 a 450000100100000000500170001000800410002704000250006808200150009311001030010824000180021124501000022926000990032930000200042850000410044804900090048995201130049899900170061100002880720230308115615.0110412s19uu dr 000 0 spa d aDO-SdBNPbspacBNPHU axxxbR426c1 aRepública Dominicana.bComisionado de Apoyo a la Reforma y Modernización de la Justicia917179 0a[Leyes, etc.]10aConstitución de la República Dominicana :bmi compromiso es con la justicia constitucional. aSanto Domingo :bComisionado de Apoyo a la Reforma y Modernización de la justicia,c[19--?]. a30 p. ;c28 cm. aSemana de la justicia constitucional aBNPD 0010718PDaPDbPDcCTd2011-04-12iLF1l0oxxx R426cp28807-10r2020-06-25w2020-06-25yLFPDZNo se presta c28299d28299